| 000 | 00571nam a22002057a 4500 | ||
|---|---|---|---|
| 003 | OSt | ||
| 005 | 20140310183101.0 | ||
| 008 | 130301t xxu||||| |||| 00| 0 eng d | ||
| 020 | _a9710807633 | ||
| 050 |
_aPQ 8897 _b.C339 2009 |
||
| 082 |
_aFIL 809.83 _bC26 2009 |
||
| 245 |
_aMga tala at patnubay sa pag-unawa sa Noli Me Tangere ni Jose Rizal _cCasim, C.M. |
||
| 260 |
_aQuezon City _bNational Book Store _c1973 |
||
| 300 |
_a184 p. _c22cm |
||
| 521 | _aCollege Students | ||
| 526 | _c1210L-1700L | ||
| 541 | _j1 | ||
| 562 | _e1 | ||
| 942 |
_2lcc _cBK _kFIL |
||
| 999 |
_c18732 _d18732 |
||